00000000nam##2200000za#4500
0019.681251
003CaOODSP
00520200330070342
007ta
008150407|2000||||xxc|||||     f|0| 0 fre|d
020 |a0-662-85015-7
040 |aCaOODSP|bfre
043 |an-cn---
0861 |aH68-27/1999F
1101 |aCanada.|bSanté Canada. |bConsei national du bien-être social.
24510|aRevenus de bien-être social, 1999 : |brapport du Conseil national du bien-être social
260 |aOttawa - Ontario : |bSanté Canada. |c2000.
300 |aiii, 79p. : |bgraphiques, tableaux ; |c28 cm.
563 |aCouverture souple
590 |a00-40|b2000-10-06
69107|aBien-être social|2gcpds
69107|aSécurité du revenu|2gcpds
77508|tWelfare incomes, 1999 : |w(CaOODSP)9.647868